000 01340nam a22003857a 4500
001 000009296
003 CHAP
005 20220329133651.0
008 971013s1992 r 00010 d
010 _a9236
011 _a10208
035 _a9445
040 _cCHAP
082 0 4 _a301.444
_bM8
100 0 0 _aMuro Bowling, Benjamín Pedro.
_979782
245 1 0 _aProblemas del campesinado y desarrollo rural alternativo.
260 _aChapingo, Méx. :
_bUACH,
_c1992.
300 _a186 p.
590 _aBATCH-UPD
_b10
_c20130110
_lUCH01
_h0955
590 _aBATCH-UPD
_b10
_c20130410
_lUCH01
_h0607
590 _aBATCH-UPD
_b10
_c20130914
_lUCH01
_h0826
590 _aCONVERSION
_b10
_c20130109
_lUCH01
_h1306
590 _aE5995AHE
_b05
_c20150217
_lUCH01
_h1439
650 1 4 _aCampesinado.
_917993
650 1 4 _aDesarrollo rural.
_932067
650 1 4 _aSociología rural.
_9108215
901 _aBK
942 _cLIBRO
942 _n0
949 _a301.444 M8
_bBC
_cLIBRO
_d33724000285003
_eLIBRO
_fc.4
_h85665
_i9445
_mD
_si
949 _a301.444 M8
_bBC
_cLIBRO
_d33724000285011
_eLIBRO
_h85662
_i9445
_mD
_si
949 _a301.444 M8
_bBC
_cLIBRO
_d33724000285029
_eLIBRO
_fc.3
_h85664
_i9445
_mD
_si
949 _a301.444 M8
_bBC
_cLIBRO
_d33724000285094
_eLIBRO
_fc.2
_h85663
_i9445
_mD
_si
949 _a301.444 M8
_bBC
_cUACH
_d-20108
_eUACH
_fc.5
_h85666
_i9445
_mD
_si
999 _c9236
_d9236